| 000 | 00964nam a22002537a 4500 | ||
|---|---|---|---|
| 999 |
_c63861 _d63861 |
||
| 005 | 20240530110702.0 | ||
| 008 | 171225s2014 ua a f b 000 0dara d | ||
| 017 |
_a2015/3113 _bمصر. دار الكتب |
||
| 020 | _a9789779101606 | ||
| 040 |
_aEG-CaGPL _cEG-CaGPL |
||
| 082 | 0 | 4 |
_221 _a916.216 _bق/أ ق |
| 100 | 0 | _aايمن فؤاد سيد | |
| 245 | 1 | 2 |
_aالقاهرة : _bخططها وتطورها العمرانى / _cايمن فؤاد سيد |
| 250 | _aط.1 | ||
| 260 |
_aالقاهرة : _bالهيئة المصرية العامة للكتاب ، _c2015 . |
||
| 300 |
_a3 كتب ؛ _c24 سم. |
||
| 504 | _aببليوجرافية : ص 465 - 536 | ||
| 650 | _2qrmak | ||
| 651 | 0 | 7 |
_2qrmak _aالقاهرة _xتاريخ |
| 651 | 0 | 7 |
_2qrmak _aالقاهرة _xاثار _yالعصر العثمانى |
| 651 | 0 | 7 |
_2qrmak _aالقاهرة _xاثار _yالعصر المملوكى |
| 942 |
_2ddc _cBK |
||